International arbitration guidelines 2015 (Record no. 115697)

MARC details
000 -LEADER
fixed length control field 01458cad a22002295a 4500
001 - CONTROL NUMBER
control field E159138
008 - FIXED-LENGTH DATA ELEMENTS--GENERAL INFORMATION
fixed length control field 100126s2015 xxk f s000 0 eng d
035 ## - SYSTEM CONTROL NUMBER
System control number (Sirsi) u159138
041 0# - LANGUAGE CODE
Language code of text/sound track or separate title eng
050 04 - LIBRARY OF CONGRESS CALL NUMBER
Classification number 347.4109 $2 18
110 2# - MAIN ENTRY--CORPORATE NAME
Corporate name or jurisdiction name as entry element Chartered Institute of Arbitrators
9 (RLIN) 1994
245 00 - TITLE STATEMENT
Title International arbitration guidelines 2015
Medium [electronic resource]
260 ## - PUBLICATION, DISTRIBUTION, ETC.
Name of publisher, distributor, etc. Chartered Institute of Arbitrators
Date of publication, distribution, etc. 2015
520 ## - SUMMARY, ETC.
Summary, etc. Reflects best practice in international commercial arbitration without reference to particular requirements of any applicable laws and/or rules. CIArb Practice and Standards Committee reviewed three of the Guidelines relating to jurisdictional challenges, application for interim measures, and application for security for costs. The remainder of eighteen guidelines are currently under review. The Guidelines identify best practice as to how arbitrators should respond to procedural issues and challenges that commonly arise. Guidelines are not prescriptive and do not contain any legal advice.
521 ## - TARGET AUDIENCE NOTE
Target audience note Advanced
590 ## - LOCAL NOTE (RLIN)
Local note KA
650 24 - SUBJECT ADDED ENTRY--TOPICAL TERM
Topical term or geographic name entry element ARBITRATION PROCEDURES
651 #4 - SUBJECT ADDED ENTRY--GEOGRAPHIC NAME
Geographic name International
690 ## - LOCAL SUBJECT ADDED ENTRY--TOPICAL TERM (OCLC, RLIN)
Topical term or geographic name as entry element MANAGEMENT-DISPUTE AVOIDANCE, MANAGEMENT AND RESOLUTION-DISPUTE MANAGEMENT AND RESOLUTION-ARBITRATION
856 40 - ELECTRONIC LOCATION AND ACCESS
Uniform Resource Identifier <a href="https://web.archive.org/web/20150801235740/https://www.ciarb.org/guidelines-and-ethics/guidelines/practice-guidelines-protocols-and-rules">https://web.archive.org/web/20150801235740/https://www.ciarb.org/guidelines-and-ethics/guidelines/practice-guidelines-protocols-and-rules</a>
Public note Available on the web archive
942 ## - ADDED ENTRY ELEMENTS (KOHA)
Suppress in OPAC 0
Source of classification or shelving scheme Dewey Decimal Classification
Holdings
Withdrawn status Lost status Source of classification or shelving scheme Damaged status Not for loan Home library Current library Shelving location Date acquired Total Checkouts Full call number Date last seen Copy number Price effective from Koha item type
    Dewey Decimal Classification     Virtual Virtual Online 08/02/2016   ONLINE PUBLICATION 14/05/2024 1 06/08/2019 Online material